000 00447nam a2200157 i 4500
001 99819
003 ES-MaACL
005 20230906182547.0
007 t|
008 050919s1973 sp ||||1| spa d
100 1 _aMartínez Moreno, Pedro.
_978263
245 1 0 _aAmanecer y ocaso /
_cPedro Martínez Moreno.
260 _aValencia :
_b[s.n.],
_c1973 (
_eTip. Levante)
300 _a155 p. :
_bil. ;
_c22 cm.
852 _aES-MaACL
_jC-54025
_bR.87054
999 _c99819
_d99819